| 000 | 00939nam a2200229Ia 4500 | ||
|---|---|---|---|
| 003 | Ost | ||
| 005 | 20260507075644.0 | ||
| 008 | 260507s9999||||xx |||||||||||||| ||und|| | ||
| 040 | _cfsecg | ||
| 041 | _aara | ||
| 082 | _a5.8 | ||
| 100 |
_aالجنبيهى، منير محمد _eمؤلف |
||
| 245 | 0 |
_aالتوقيع الإلكتروني وحجيته في الإثبات / _c منير محمد الجنبيهى |
|
| 260 |
_aالإسكندرية: _bدار الفكر الجامعي, _c2004 |
||
| 300 |
_a102 صفحة؛ _bإيضاحات ؛ _c24 سم |
||
| 504 | _aالمراجع ص.101 | ||
| 520 | _aتعريف التوقيع القانوني، اشكاله، حجيته، التوقيع القانوني ضوابطه، تعديلاته، ابرام العقود | ||
| 653 | _aالإثبات | ||
| 653 | _aالقانون الإداري | ||
| 700 |
_aالجنبيهي، ممدوح محمد _eمؤلف ثانوي |
||
| 942 | _cكتاب | ||
| 999 |
_c45457 _d45457 |
||